000 01838nam a2200253Ia 4500
003 PE SENCICO BE
005 20251020182433.0
008 200515s9999 xx 000 0 und d
020 _a968-18-6153-1
040 _aPE SENCICO BE
_cPE SENCICO BE
041 _aspa
082 _a368
_bM26
100 1 _aMartínez Ponce de León, Jesús G.
_92644
_eautor
245 1 0 _aIntroducción al análisis de riesgos /
_cJesús G. Martínez Ponce de León
250 _a1a ed.
260 _aMéxico, D.F. :
_bLimusa ;
_bNoriega editores ;
_c2001
300 _a218 p. :
_btbl., graf. ;
_c23 cm.
505 0 _aIntroducción al análisis de riesgos -- Los análisis de riesgo (marco teórico) -- Método de encuesta-auditoría o definición del elemento esencial de análisis -- Metodología general para los análisis de riesgo -- Propuesta metodológica. Metodología general para los análisis de riesgo (MEGAR): casos prácticos -- Entorno normativo -- Acciones de emergencia o contingencia (algunas guías de acción) -- Glosario de términos y abreviaturas usados en las etiquetas de las MSDS (hojas de seguridad de producción de sustancias) -- Guía para la elaboración de un manual de prevención de riesgos.
520 3 _aLa obra contiene una propuesta metodológica para simplificar su aplicación en los diferentes campos de interés donde se requiere la realización de este tipo de ejercicios, una visión general de los diversos métodos de análisis de riesgos y la explicación del entorno normativo nacional e internacional que regula esta disciplina. Asimismo se anexan ejercicios de casos prácticos y algunos consejos para aplicar en casos de contingencias o emergencias.
650 1 0 _aEvaluación de riesgos
_992
650 2 0 _aSeguridad industrial
_996
650 2 0 _aPrevención de accidentes
_9100
942 _cLIB
_2ddc
999 _c306
_d306